[Event "BIH-chT1 30th"]
[Site "Gorazde"]
[Date "2023.08.28"]
[Round "5.4"]
[White "Dugonjic, Dragan"]
[Black "Stavnjak, Lazar"]
[Result "1-0"]
[WhiteElo "2034"]
[BlackElo "2163"]
[PlyCount "48"]
[EventDate "2023.08.26"]
[EventType "team-tourn"]
[EventRounds "9"]
[EventCountry "BIH"]
[SourceTitle "EXT 2024"]
[Source "ChessBase"]
[SourceDate "2023.10.10"]
[SourceVersion "1"]
[SourceVersionDate "2023.10.10"]
[SourceQuality "1"]

1. d4 Nf6 2. c4 e6 3. Nc3 Bb4 4. Bg5 c5 5. d5 Bxc3+ 6. bxc3 Qa5 7. Bxf6 gxf6 8. Qc2 d6 9. e3 f5 10. Rb1 Qd8 11. g3 Qf6 12. f4 e5 13. Nf3 e4 14. Nd2 Nd7 15. Qb3 Qg6 16. Be2 Nf6 17. Nf1 0-0 18. h3 Kh8 19. Bd1 Rb8 20. Rb2 Bd7 21. g4 Qh6 22. Rg1 b6 23. Rbg2 b5 24. g5 Qh4+ 1-0

[Event "BIH-chT 29th"]
[Site "Bihac"]
[Date "2022.08.25"]
[Round "5.3"]
[White "Coric, Ahmed"]
[Black "Stavnjak, Lazar"]
[Result "0-1"]
[WhiteElo "2117"]
[BlackElo "2152"]
[PlyCount "52"]
[EventDate "2022.08.23"]
[EventType "tourn"]
[EventRounds "9"]
[EventCountry "BIH"]
[SourceTitle "CBM 210 Extra"]
[Source "ChessBase"]
[SourceDate "2022.11.30"]
[SourceVersion "1"]
[SourceVersionDate "2022.11.30"]
[SourceQuality "1"]

1. d4 Nf6 2. Nf3 e6 3. e3 b6 4. Bd3 Bb7 5. Nbd2 Be7 6. b3 0-0 7. Bb2 d5 8. 0-0 Nbd7 9. Ne5 c5 10. f4 Ne4 11. c4 Nxd2 12. Qxd2 Nf6 13. Rad1 Qc7 14. Qe2 a5 15. a4 Rad8 16. Rf3 dxc4 17. bxc4 Bxf3 18. Qxf3 cxd4 19. Nc6 dxe3 20. Nxd8 Rxd8 21. Bc1 Bc5 22. Kh1 Kf8 23. g4 e5 24. fxe5 Qxe5 25. Qe2 Qf4 26. h3 Ne4 0-1

[Event "Jelah Schev"]
[Site "Jelah"]
[Date "2022.03.25"]
[Round "4.5"]
[White "Mesic, Ismet"]
[Black "Stavnjak, Lazar"]
[Result "1-0"]
[WhiteElo "2161"]
[BlackElo "2178"]
[PlyCount "75"]
[EventDate "2022.03.23"]
[EventType "schev"]
[EventRounds "10"]
[EventCountry "BIH"]
[SourceTitle "EXT 2023"]
[Source "ChessBase"]
[SourceDate "2022.10.05"]
[SourceVersion "1"]
[SourceVersionDate "2022.10.05"]
[SourceQuality "1"]
[WhiteTeam "Kadets"]
[BlackTeam "Seniors"]
[WhiteTeamCountry "SRB"]
[BlackTeamCountry "SRB"]

1. d4 d5 2. c4 e6 3. Nc3 Nf6 4. Nf3 Be7 5. Bf4 c6 6. e3 0-0 7. c5 Nbd7 8. h3 Re8 9. Bd3 Nf8 10. 0-0 Ng6 11. Bh2 Nd7 12. Qc2 Bf6 13. e4 Be7 14. e5 Ndf8 15. Rfe1 b6 16. b4 a5 17. a3 Ba6 18. b5 cxb5 19. Nxb5 bxc5 20. dxc5 Qc8 21. c6 Bxb5 22. Bxb5 Qc7 23. Ba4 Reb8 24. Nd4 Rb6 25. Qd3 Bc5 26. Rac1 Bxd4 27. Qxd4 Ne7 28. Qc5 Nc8 29. Rb1 Rab8 30. Rxb6 Rxb6 31. Bf4 Ng6 32. Bd2 Ra6 33. Bc3 Nge7 34. Rb1 Ra7 35. Bd4 Nf5 36. Qxa7 Nxa7 37. Rb7 Qxc6 38. Rb8+ 1-0

[Event "Jelah Schev"]
[Site "Jelah"]
[Date "2022.03.24"]
[Round "2.5"]
[White "Lu, Miaoyi"]
[Black "Stavnjak, Lazar"]
[Result "1-0"]
[WhiteElo "2219"]
[BlackElo "2178"]
[PlyCount "67"]
[EventDate "2022.03.23"]
[EventType "schev"]
[EventRounds "10"]
[EventCountry "BIH"]
[SourceTitle "EXT 2023"]
[Source "ChessBase"]
[SourceDate "2022.10.05"]
[SourceVersion "1"]
[SourceVersionDate "2022.10.05"]
[SourceQuality "1"]
[WhiteTeam "Kadets"]
[BlackTeam "Seniors"]
[WhiteTeamCountry "SRB"]
[BlackTeamCountry "SRB"]

1. e4 e5 2. Nf3 Nc6 3. Bc4 d6 4. d4 Be7 5. d5 Nb8 6. Bd3 Nf6 7. c4 0-0 8. h3 a5 9. Nc3 Na6 10. Be3 b6 11. a3 Bd7 12. Bc2 Ne8 13. g4 g6 14. Bh6 Ng7 15. Qd2 Nc5 16. 0-0-0 Rb8 17. a4 f6 18. Rdg1 Qc8 19. Nh4 Rf7 20. Rg2 Bf8 21. Rhg1 c6 22. dxc6 Bxc6 23. b3 Nce6 24. Ne2 Qb7 25. f3 Qe7 26. Nf5 gxf5 27. gxf5 Nf4 28. Bxf4 exf4 29. Nxf4 Qe5 30. Kb1 d5 31. exd5 Bd7 32. Ne6 Qd6 33. Qh6 Qe7 34. d6 1-0

[Event "BIH-chT1"]
[Site "Bosanska Krupa"]
[Date "2018.08.26"]
[Round "3"]
[White "Sinanovic, Ermin"]
[Black "Stavnjak, Lazar"]
[Result "1/2-1/2"]
[WhiteElo "2155"]
[BlackElo "2221"]
[PlyCount "111"]
[EventDate "2018.08.25"]
[EventType "tourn"]
[EventRounds "9"]
[EventCountry "BIH"]
[SourceTitle "CBM 186 Extra"]
[Source "ChessBase"]
[SourceDate "2018.08.24"]
[SourceVersion "1"]
[SourceVersionDate "2018.08.24"]
[SourceQuality "1"]

1. e4 c5 2. Nc3 Nc6 3. f4 d6 4. Nf3 g6 5. Bc4 Bg7 6. 0-0 e6 7. d3 Nge7 8. Qe1 0-0 9. Qh4 d5 10. Bb3 Nd4 11. f5 gxf5 12. Bh6 Ng6 13. Qh5 Nxf3+ 14. Rxf3 Bxh6 15. Qxh6 dxe4 16. dxe4 Qd4+ 17. Kh1 f4 18. Rd1 Qg7 19. Qg5 Qe5 20. Qh6 b6 21. Ne2 Qg7 22. Qxg7+ Kxg7 23. Nxf4 Nxf4 24. Rxf4 Ba6 25. c3 Rad8 26. Rf2 Rxd1+ 27. Bxd1 Rd8 28. Bf3 Bb7 29. g3 Rd3 30. Kg2 Re3 31. Rd2 Bxe4 32. Bxe4 Rxe4 33. Kf3 Ra4 34. a3 h5 35. Rd7 Kf6 36. Ke3 h4 37. gxh4 Rxh4 38. Rxa7 Rxh2 39. b4 Rh5 40. b5 Rd5 41. Rb7 Rd6 42. Ke4 Kg6 43. a4 c4 44. Rc7 f5+ 45. Ke5 Rd3 46. Rxc4 Re3+ 47. Kf4 Re1 48. Rc6 Kf6 49. c4 Rf1+ 50. Ke3 Re1+ 51. Kd2 Ra1 52. Rxb6 Rxa4 53. c5 Ke5 54. Kc3 Kd5 55. Rd6+ Kxc5 56. Rxe6 1/2-1/2

[Event "BIH-chT2"]
[Site "Bosna"]
[Date "2017.08.27"]
[Round "4.5"]
[White "Strinic, Halid"]
[Black "Stavnjak, Lazar"]
[Result "1/2-1/2"]
[WhiteElo "2089"]
[BlackElo "2231"]
[PlyCount "80"]
[EventDate "2017.08.25"]
[EventType "team-tourn"]
[EventRounds "9"]
[EventCountry "BIH"]
[SourceTitle "EXT 2019"]
[Source "ChessBase"]
[SourceDate "2018.10.10"]
[SourceVersion "1"]
[SourceVersionDate "2018.10.10"]
[SourceQuality "1"]

1. e4 e6 2. d4 d5 3. Nd2 dxe4 4. Nxe4 Nd7 5. Nf3 Ngf6 6. Bd3 Nxe4 7. Bxe4 Nf6 8. Bd3 c5 9. dxc5 Bxc5 10. 0-0 0-0 11. Bg5 Be7 12. c4 Qc7 13. Qe2 Bd7 14. Ne5 Rad8 15. Ng4 Nxg4 16. Qxg4 Bxg5 17. Qxg5 Bc6 18. Rfd1 h6 19. Qe3 b6 20. c5 Bd5 21. cxb6 Qxb6 22. Qxb6 axb6 23. f3 Rc8 24. Kf2 Rfd8 25. Ke2 Rc5 26. a3 Rdc8 27. Kd2 Kf8 28. Rdc1 Ke7 29. Rxc5 Rxc5 30. b4 Rc7 31. a4 Kd6 32. Ra3 g5 33. Rc3 Ra7 34. Bb5 Ra8 35. g3 f6 36. Ke3 h5 37. f4 h4 38. fxg5 fxg5 39. Ra3 Ra7 40. Rc3 Ra8 1/2-1/2

[Event "BIH-chT2"]
[Site "Bosna"]
[Date "2017.08.26"]
[Round "2.5"]
[White "Stavnjak, Lazar"]
[Black "Muslimovic, Seval"]
[Result "1-0"]
[WhiteElo "2231"]
[BlackElo "2074"]
[PlyCount "95"]
[EventDate "2017.08.25"]
[EventType "team-tourn"]
[EventRounds "9"]
[EventCountry "BIH"]
[SourceTitle "EXT 2019"]
[Source "ChessBase"]
[SourceDate "2018.10.10"]
[SourceVersion "1"]
[SourceVersionDate "2018.10.10"]
[SourceQuality "1"]

1. e4 c5 2. Nf3 Nc6 3. d4 cxd4 4. Nxd4 g6 5. c4 Bg7 6. Be3 d6 7. Nc3 Nf6 8. Be2 Bd7 9. 0-0 0-0 10. h3 a6 11. Rc1 Rc8 12. Qd2 Re8 13. b3 Qa5 14. Rfd1 Nxd4 15. Bxd4 Bc6 16. f3 Nh5 17. Bxg7 Kxg7 18. f4 Nf6 19. Bf3 h5 20. Qd4 Qc5 21. Qxc5 dxc5 22. e5 Nh7 23. Bxc6 Rxc6 24. Rd7 Nf8 25. Rxb7 Ne6 26. Nd5 Kf8 27. Kf2 h4 28. Rd1 Ng7 29. Rb6 Rxb6 30. Nxb6 Ne6 31. Ke3 Kg7 32. Rd7 Nd4 33. Nd5 Kf8 34. Nc7 Rc8 35. Nxa6 Ra8 36. Nxc5 Nf5+ 37. Kf3 Rxa2 38. Rd3 Rc2 39. Ne4 Rc1 40. Kf2 Rc2+ 41. Rd2 Rxd2+ 42. Nxd2 Ke8 43. Ke2 Kd7 44. Kd3 Ng7 45. b4 Ne6 46. Ke4 g5 47. fxg5 Nxg5+ 48. Ke3 1-0

[Event "BIH-chT 15th"]
[Site "Bihac"]
[Date "2016.07.20"]
[Round "5.4"]
[White "Brkic, Ante"]
[Black "Stavnjak, Lazar"]
[Result "1-0"]
[WhiteElo "2585"]
[BlackElo "2246"]
[PlyCount "65"]
[EventDate "2016.07.16"]
[EventType "team-tourn"]
[EventRounds "9"]
[EventCountry "BIH"]
[SourceTitle "CBM 173 Extra"]
[Source "ChessBase"]
[SourceDate "2016.08.29"]
[SourceVersion "1"]
[SourceVersionDate "2016.08.29"]
[SourceQuality "1"]
[WhiteTeam "Siroki Brijeg"]
[BlackTeam "Gorazde"]
[WhiteTeamCountry "BIH"]
[BlackTeamCountry "BIH"]

1. e4 e5 2. Nf3 Nc6 3. Bb5 a6 4. Ba4 Nf6 5. 0-0 Be7 6. Re1 b5 7. Bb3 0-0 8. a4 Bb7 9. d3 d6 10. Nbd2 Na5 11. Ba2 c5 12. Nf1 Nc6 13. c3 Qc7 14. Ng3 Rab8 15. Nf5 Bc8 16. N3h4 Bxf5 17. Nxf5 Bd8 18. Qf3 Kh8 19. Qh3 Ng8 20. Re3 Bf6 21. Qh5 g6 22. Qxh7+ Kxh7 23. Rh3+ Nh6 24. Rxh6+ Kg8 25. Rxg6+ Kh7 26. Rxf6 Ne7 27. Rh6+ Kg8 28. Bg5 Nxf5 29. exf5 Kg7 30. f6+ Kg8 31. Re1 Qd7 32. Re4 Qf5 33. Reh4 1-0

[Event "BIH-chT 14th"]
[Site "Prijedor"]
[Date "2015.09.13"]
[Round "9.3"]
[White "Stojanovic, Dalibor"]
[Black "Stavnjak, Lazar"]
[Result "0-1"]
[WhiteElo "2499"]
[BlackElo "2246"]
[PlyCount "88"]
[EventDate "2015.09.05"]
[EventType "team-tourn"]
[EventRounds "9"]
[EventCountry "BIH"]
[SourceTitle "EXT 2016"]
[Source "ChessBase"]
[SourceDate "2015.10.08"]
[SourceVersion "1"]
[SourceVersionDate "2015.10.08"]
[SourceQuality "1"]
[WhiteTeam "Siroki Brijeg"]
[BlackTeam "Gorazde"]
[WhiteTeamCountry "BIH"]
[BlackTeamCountry "BIH"]

1. e4 e6 2. d4 d5 3. Nd2 dxe4 4. Nxe4 Nd7 5. Nf3 Ngf6 6. Bg5 Be7 7. Nxf6+ Bxf6 8. h4 h6 9. Bxf6 Nxf6 10. Qd2 Qd6 11. 0-0-0 Bd7 12. Ne5 Bc6 13. f3 Nd7 14. Nc4 Qd5 15. Qf4 Nb6 16. b3 Nxc4 17. Bxc4 Qd6 18. Qg4 0-0 19. Kb2 b5 20. Be2 a5 21. a3 Rad8 22. Rhe1 b4 23. a4 Bd5 24. f4 Be4 25. Bc4 Bf5 26. Qf3 c5 27. g4 Bh7 28. d5 exd5 29. Bxd5 Qf6+ 30. Re5 Qxh4 31. g5 hxg5 32. Rxg5 Qh6 33. Rdg1 Qf6+ 34. Kb1 g6 35. f5 Kg7 36. Qg2 Rd6 37. Bc4 Rfd8 38. Bd3 c4 39. bxc4 b3 40. fxg6 Bxg6 41. Qh2 bxc2+ 42. Bxc2 Rd1+ 43. Ka2 Qa1+ 44. Kb3 R8d3+ 0-1

[Event "BIH-chT 14th"]
[Site "Prijedor"]
[Date "2015.09.10"]
[Round "6.5"]
[White "Stavnjak, Lazar"]
[Black "Sutkovic, Damir"]
[Result "1/2-1/2"]
[WhiteElo "2246"]
[BlackElo "2330"]
[PlyCount "82"]
[EventDate "2015.09.05"]
[EventType "team-tourn"]
[EventRounds "9"]
[EventCountry "BIH"]
[SourceTitle "EXT 2016"]
[Source "ChessBase"]
[SourceDate "2015.10.08"]
[SourceVersion "1"]
[SourceVersionDate "2015.10.08"]
[SourceQuality "1"]
[WhiteTeam "Gorazde"]
[BlackTeam "Zenica Celik"]
[WhiteTeamCountry "BIH"]
[BlackTeamCountry "BIH"]

1. e4 b6 2. d4 Bb7 3. Nc3 e6 4. Nf3 Bb4 5. Bd3 Nf6 6. Qe2 d5 7. exd5 Qxd5 8. Bd2 Bxc3 9. Bxc3 0-0 10. 0-0 Qh5 11. Ne5 Qxe2 12. Bxe2 Nbd7 13. Nxd7 Nxd7 14. Bb4 Rfd8 15. Rad1 a5 16. Be7 Re8 17. Bh4 Ba6 18. c4 Rac8 19. b3 Bb7 20. Rfe1 Nf8 21. f3 Ng6 22. Bg3 Red8 23. Bd3 Rxd4 24. Bxg6 Rxd1 25. Rxd1 hxg6 26. Rd7 a4 27. Rxc7 Rxc7 28. Bxc7 axb3 29. axb3 b5 30. cxb5 Kf8 31. Bd6+ Ke8 32. f4 Bd5 33. b4 Bc4 34. b6 Bd5 35. Kf2 Bb7 36. g3 Kd7 37. Bf8 Kc6 38. Bxg7 Kxb6 39. g4 f5 40. g5 Bc6 41. Ke3 Ba4 1/2-1/2